|
|
|
|
| LEADER |
00000nas a2200000 a 4500 |
| 001 |
ssj0000396914 |
| 003 |
WaSeSS |
| 005 |
20200512172242.0 |
| 006 |
m d |
| 007 |
cr n |
| 008 |
741205c19539999xv tr p s 0 b0slv |
| 010 |
|
|
|a 64037980
|
| 016 |
7 |
|
|a 010225528
|2 DE-101
|
| 016 |
7 |
|
|a 17270-4
|2 DE-600
|
| 016 |
7 |
|
|a 100968304
|2 DNLM
|
| 016 |
7 |
|
|a 011116821
|2 Uk
|
| 022 |
|
|
|l 0023-4923
|y 0023-4923
|
| 035 |
|
|
|a (WaSeSS)ssj0000396914
|
| 040 |
|
|
|a DLC
|b eng
|c DLC
|d OCL
|d AIP
|d IUL
|d DLC
|d NSD
|d HUL
|d IUL
|d NLM
|d OCLCQ
|d IUL
|d OCLCQ
|d GBVCP
|d DEBBG
|d OCLCO
|d OCLCQ
|d OCLCA
|d OCLCF
|d XFH
|d OCLCQ
|d OCLCA
|d UKMGB
|d WaSeSS
|
| 042 |
|
|
|a pcc
|a nsdp
|
| 043 |
|
|
|a e-xv---
|
| 050 |
0 |
0 |
|a DR381.S6
|b K68
|
| 130 |
0 |
|
|a Kronika (Ljubljana, Slovenia)
|
| 210 |
0 |
|
|a Kronika
|b (Ljublj.)
|
| 222 |
|
0 |
|a Kronika
|b (Ljubljana)
|
| 245 |
1 |
0 |
|a Kronika
|h [electronic resource].
|
| 246 |
1 |
7 |
|a Časopis za slovensko krajevno zgodovino Kronika
|f <1956-1962>
|
| 246 |
1 |
7 |
|a Kronika Časopis za slovensko krajevno zgodovino
|f <1984-1986>
|
| 260 |
|
|
|a [Ljubljana] :
|b Zgodovinsko društvo za Slovenijo, sekcija za lokalno zgodovino
|
| 310 |
|
|
|a Three no. a year
|
| 362 |
1 |
|
|a Began in 1953.
|z Cf. New serial titles, 1952-60.
|
| 500 |
|
|
|a Latest issued consulted: 51, 2003, 3.
|
| 500 |
|
|
|a "Časopis za slovensko krajevno zgodovino."
|
| 506 |
|
|
|a License restrictions may limit access.
|
| 550 |
|
|
|a Issued by: Zgodovinsko društvo za Slovenijo, Sekcija za lokalno zgodovino, <1965->; Zgodovinsko društvo za Slovenijo, Sekcija za krajevno zgodovino, <1972->; Zvez zgodovinskih društev Slovenije, Sekcija za krajevno zgodovino, <1984->
|
| 555 |
|
|
|a Special issue for 2003 includes cumulative subject index for 1953-2002.
|
| 588 |
|
|
|a Description based on: Letnik 4, zv. 1, published in 1956; title from cover.
|
| 650 |
|
7 |
|a Literatur
|2 gnd
|
| 650 |
|
7 |
|a Zeitschrift
|2 gnd
|
| 650 |
0 |
7 |
|a Literatur.
|2 swd
|
| 650 |
0 |
7 |
|a Theater.
|2 swd
|
| 650 |
0 |
7 |
|a Zeitschrift.
|2 swd
|
| 651 |
|
0 |
|a Slovenia
|x History, Local
|v Periodicals.
|
| 651 |
|
7 |
|a Slovenia.
|2 fast
|0 (OCoLC)fst01212712
|
| 651 |
|
7 |
|a Jugoslawien
|2 gnd
|
| 651 |
|
7 |
|a Jugoslawien.
|2 swd
|
| 651 |
|
7 |
|a Serbokroatisch.
|2 swd
|
| 655 |
|
0 |
|a Electronic journals.
|
| 710 |
2 |
|
|a Zgodovinsko društvo za Slovenijo.
|b Sekcija za lokalno zgodovino.
|
| 710 |
2 |
|
|a Zgodovinsko društvo za Slovenijo.
|b Sekcija za krajevno zgodovino.
|
| 710 |
2 |
|
|a Zvez zgodovinskih društev Slovenije.
|b Sekcija za krajevno zgodovino.
|
| 780 |
0 |
0 |
|t Kronika slovenskih mest
|w (OCoLC)2263311
|
| 850 |
|
|
|a DLC
|a InU
|a MH
|
| 856 |
4 |
0 |
|z Full text available from Research Library: 01/01/2014 to 05/31/2017
|u https://search.proquest.com/publication/2035627
|